000 01357nam a2200241Ii 4500
003 JO-AjNU
005 20240626100806.0
008 230605s9999||||xx |||||||||||||| ||und||
040 _aJO-AjNU
_bara
_erda
_cJO-AjNU
041 _aara
050 1 4 _aHG5711.2021
100 1 _aسليم، بهاء دخيل
_eمعد
_965679
245 0 0 _aاثر المعلومات المالية المنشورة الكترونيا على اسعار الاسهم في الشركات الصناعية المدرجة في بورصة عمان: طبيعة التقرير المالي كمتغير معدل = The Impact of Electronically Published Financial Information on Share Prices in Industrial Companies Listed on the Amman Stock Exchange: The Nature ofthe Financial Report as a Moderating Variable /
_cاعداد بهاء دخيل سليم؛ اشراف علي عبدالله الزعبي
264 3 1 _a2021
300 _a117 ورقة
336 _atext
_btxt
_2rdacontent
337 _aunmediated
_bn
_2rdamedia
338 _avolume
_bnc
_2rdacarrier
500 _aرسالة جامعية(اطروحة ماجستير) تخصص المحاسبة/كلية ادارة الاعمال، جامعة عجلون الوطنية، 2021
650 4 _aالاسهم-اسعار-الاردن
_962464
700 1 _aالزعبي، علي عبدالله
_965219
_eمشرف
942 _2lcc
_cTHS
999 _c31854
_d31854